000
00282nam a2200109Ia 4500
008
190907s9999||||xx |||||||||||||| ||und||
100
_a
Chellis, James
245
0
_a
MCSE Networking Essentials study Guide
260
_a
New Delhi
_b
Addison - Wesley
_c
1997
300
_a
628
942
_c
BK
999
_c
6401
_d
6401